000 01134nam a2200229Ia 4500
003 Ost
005 20260507075632.0
008 260507s9999||||xx |||||||||||||| ||und||
020 _a7171504977
040 _cfsecg
041 _aara
082 _a519.72
100 _aزين الدين، فريد عبد الفتاح
_eمؤلف
245 0 _aبحوث العمليات وتطبيقاتها في حل المشكلات واتخاذ القرارات الجزء الأول :
_bالبرمجة الخطية /
_c فريد عبد الفتاح زين الدين
260 _a[دون مكان]:
_b[دون ناشر],
_c1996
300 _a593 صفحة؛
_bإيضاحات ؛
_c24 سم
504 _aالمراجع ص.591
520 _aتجد في هذا الكتاب : البرامج الخطية والحل البياني، طريقة السملكس ،تحليل الحساسية والثنائية للبرامج الخطية ،برمجة الأهداف ،طرق خاصة في البرامج الخطية وطريقة التخصيص
653 _aالبرمجة الخطية
653 _aبحوث العمليات
942 _cكتاب
999 _c45232
_d45232